000 01149njm a2200313Ia 4500
001 26635
003 IT-RoPAU
005 20220918181110.0
008 131025s9999 xx 000 0 und d
040 _aIT-RoPAU
040 _cIT-RoPAU
041 _aITAL/TED
999 _c98935
_d98935
999 _bSI
100 _aBach Johann Sebastian
_915980
100 _eAutore musica
_915981
100 _gCodice autore musica SPICS: 9695
_915982
245 _aCantate sacre di J.S. Bach (Le) 6
250 _a1a ed.
260 _aROMA
260 _bSPICS RECORDS
_c1984 [1a Ed.:1984 - Ed. Lingua Orig.: 1984]
300 _aMUSICASSETTA
300 _c90 minuti (Testo: pag.)
500 _aMusica sacra. Cantata. Musica liturgica. Polifonia. Corale bachiano
505 _aCantata BWV 040 Dazu Ist Erschienen Der Sohn Gottes. - Cantata BWV 057 Selig Ist Der Mann. - Cantata BWV 064 Sehet, Welch Eine Liebe Hat Uns Der Vater
650 _aMUSICA SACRA [CASSETTE]
_eCodice MATERIA SPICS: 9951
_915983
700 _aBasso Alberto
_eInterprete
_gCodice interprete SPICS: 9484
_915984
700 _aBasso Alberto
_gCodice Autore SPICS: 9484
_eAutore
_915985
942 _cMC
_2ddc